| 000 | 00586nam a2200181Ia 4500 | ||
|---|---|---|---|
| 999 |
_c32208 _d32208 |
||
| 003 | OSt | ||
| 005 | 20230923153443.0 | ||
| 008 | 190216s9999||||xx |||||||||||||| ||und|| | ||
| 020 | _a0852260628 | ||
| 040 | _coclc | ||
| 082 |
_a512.5 _bBHA/F |
||
| 100 | 1 |
_aBhattacharya, P. B. _q(Phani Bhushan), _d1914- _93773 |
|
| 245 | 0 |
_aFirst Course In Linear Algebra / _cP B Bhattacharya ; S K Jain ; S R Nagpaul |
|
| 260 |
_bNew Age International Publishers, _aNew Delhi: _c1983. |
||
| 300 | _a280p | ||
| 650 | _aMathematics | ||
| 942 |
_cBK _2ddc _h512.5 _iBHA/F _k512.5 _mBHA/F |
||